[Event "CHI-ch sf qual U1600"]
[Site "La Ligua"]
[Date "2019.11.23"]
[Round "4.2"]
[White "Aravena Cabib, Matias"]
[Black "Perez Rojas, Jorge"]
[Result "1-0"]
[WhiteElo "1245"]
[BlackElo "1176"]
[PlyCount "83"]
[EventDate "2019.11.23"]
[EventType "swiss"]
[EventRounds "5"]
[EventCountry "CHI"]
[SourceTitle "EXT 2024"]
[Source "ChessBase"]
[SourceDate "2023.10.10"]
[SourceVersion "1"]
[SourceVersionDate "2023.10.10"]
[SourceQuality "1"]

1. e4 e6 2. d4 d5 3. exd5 exd5 4. Bd3 Bd6 5. Nf3 Nf6 6. 0-0 0-0 7. Bg5 Bg4 8. Nbd2 Nbd7 9. h3 Bh5 10. Re1 c6 11. c3 Qc7 12. Qc2 Rae8 13. Re3 h6 14. Bxf6 Nxf6 15. Rae1 Bf4 16. Rxe8 Rxe8 17. Rxe8+ Nxe8 18. g4 Bg6 19. Bxg6 fxg6 20. Qxg6 Qe7 21. Qd3 Nf6 22. Qf5 Bxd2 23. Nxd2 Qe1+ 24. Nf1 Qe8 25. Ne3 a6 26. Qe5 Qf7 27. Nf5 Ne4 28. f3 Ng5 29. Kg2 Ne6 30. Kg3 Kh7 31. f4 g6 32. Ne3 Ng7 33. f5 gxf5 34. Nxf5 Nxf5+ 35. Qxf5+ Qxf5 36. gxf5 Kg7 37. Kg4 Kf6 38. Kf4 h5 39. h4 b6 40. b4 a5 41. bxa5 bxa5 42. a4 1-0

[Event "CHI-ch sf qual U1600"]
[Site "La Ligua"]
[Date "2019.11.23"]
[Round "3.3"]
[White "Madriaza Andrade, Axel"]
[Black "Aravena Cabib, Matias"]
[Result "0-1"]
[WhiteElo "1140"]
[BlackElo "1245"]
[PlyCount "80"]
[EventDate "2019.11.23"]
[EventType "swiss"]
[EventRounds "5"]
[EventCountry "CHI"]
[SourceTitle "EXT 2024"]
[Source "ChessBase"]
[SourceDate "2023.10.10"]
[SourceVersion "1"]
[SourceVersionDate "2023.10.10"]
[SourceQuality "1"]

1. d4 Nf6 2. Bf4 e6 3. e3 b6 4. Nc3 Bb4 5. Nge2 Bb7 6. a3 Bxc3+ 7. Nxc3 0-0 8. Bd3 h6 9. Rg1 d6 10. h3 Nbd7 11. g4 Nd5 12. Nxd5 Bxd5 13. g5 hxg5 14. Rxg5 f6 15. Qh5 Rf7 16. Qh7+ Kf8 17. Qh8+ Ke7 18. Qxd8+ Rxd8 19. Rg2 e5 20. dxe5 Bxg2 21. exf6+ gxf6 22. h4 Rh8 23. Bg3 Bf3 24. Kd2 Ne5 25. Bf5 Rg7 26. e4 d5 27. Ke3 dxe4 28. Bxe4 Bxe4 29. Kxe4 Rg4+ 30. Ke3 c6 31. Rh1 Ke6 32. Rg1 Rhxh4 33. f4 Rh3 34. Kf2 Rhxg3 35. Rxg3 Rxg3 36. Kxg3 Nc4 37. b3 Nxa3 38. Kf3 Nxc2 39. Ke2 Kf5 40. Kd2 Nb4 0-1